[Event "4. Ruy López - Torneo Magistral"]
[Site "Villafranca de los Barros ESP"]
[Date "2010.06.13"]
[Round "2.3"]
[White "Perez Candelario, Manuel"]
[Black "Cori Tello, Deysi"]
[Result "0-1"]
[WhiteElo "2527"]
[BlackElo "2409"]
[PlyCount "90"]
[EventDate "2010.06.12"]
[EventType "tourn"]
[EventRounds "7"]
[EventCountry "ESP"]
[EventCategory "14"]
[Source "lmi"]
[SourceDate "2010.06.12"]

1. Nf3 Nf6 2. c4 e6 3. g3 b6 4. Bg2 Bb7 5. O-O Be7 6. Nc3 O-O 7. Re1 d5 8. d4
Nbd7 9. cxd5 exd5 10. Bf4 Ne4 11. Qb3 Ndf6 12. Rac1 c5 13. dxc5 Bxc5 14. e3 Qe7
15. h3 Rac8 16. a3 Rfe8 17. Nb5 a6 18. Nc3 b5 19. Be5 Nd7 20. Bd4 Nb6 21. Bxc5
Nxc5 22. Qd1 Ne4 23. Qd4 Nc4 24. Re2 Ncd6 25. Rec2 Nxc3 26. Rxc3 Rc4 27. Qd3
Ne4 28. R3c2 Nc5 29. Qf5 g6 30. Rxc4 dxc4 31. Qg4 Nd3 32. Rc2 h5 33. Qd4 Bxf3
34. Bxf3 Ne1 35. Qd1 Nxc2 36. Qxc2 Qd7 37. Kg2 Qd3 38. Qc1 Rd8 39. Bb7 Rd6 40.
e4 Rb6 41. Bd5 Kg7 42. Kg1 Rf6 43. h4 Rf3 44. Qe1 Qd4 45. Kg2 Rb3 0-1

[Event "4. Ruy López - Torneo Magistral"]
[Site "Villafranca de los Barros ESP"]
[Date "2010.06.14"]
[Round "3.2"]
[White "Cori Tello, Deysi"]
[Black "Sargissian, Gabriel"]
[Result "0-1"]
[WhiteElo "2409"]
[BlackElo "2677"]
[PlyCount "92"]
[EventDate "2010.06.12"]
[EventType "tourn"]
[EventRounds "7"]
[EventCountry "ESP"]
[EventCategory "14"]
[Source "lmi"]
[SourceDate "2010.06.12"]

1. d4 Nf6 2. c4 e6 3. Nf3 d5 4. e3 b6 5. Bd3 Bb7 6. Nc3 dxc4 7. Bxc4 a6 8. O-O
b5 9. Be2 Nbd7 10. a3 c5 11. dxc5 Bxc5 12. e4 Nxe4 13. Nxe4 Bxe4 14. Ng5 Bd5
15. Bh5 g6 16. Bf3 Nf6 17. b4 Be7 18. Bb2 O-O 19. Rc1 Bxf3 20. Nxf3 Qxd1 21.
Rfxd1 Nd5 22. Ne5 Bf6 23. Bd4 Bxe5 24. Bxe5 Rac8 25. g3 f6 26. Bd6 Rfd8 27. Bc5
Kf7 28. f3 e5 29. Rd3 Ke6 30. a4 bxa4 31. Ra1 Rc6 32. Rxa4 Rd7 33. Ra1 Nc7 34.
Rxd7 Kxd7 35. Rd1+ Ke6 36. Rd8 a5 37. Rb8 a4 38. b5 Rxc5 39. b6 a3 40. Ra8 Nxa8
41. b7 a2 42. bxa8=Q Rc1+ 43. Kg2 a1=Q 44. Qe8+ Kd5 45. Qd7+ Kc4 46. Qc6+ Kd3
0-1

[Event "4. Ruy López - Torneo Magistral"]
[Site "Villafranca de los Barros ESP"]
[Date "2010.06.14"]
[Round "3.3"]
[White "Cheparinov, Ivan"]
[Black "Perez Candelario, Manuel"]
[Result "1-0"]
[WhiteElo "2640"]
[BlackElo "2527"]
[PlyCount "81"]
[EventDate "2010.06.12"]
[EventType "tourn"]
[EventRounds "7"]
[EventCountry "ESP"]
[EventCategory "14"]
[Source "lmi"]
[SourceDate "2010.06.12"]

1. d4 Nf6 2. c4 g6 3. Nc3 Bg7 4. e4 d6 5. f3 O-O 6. Be3 Nc6 7. Nge2 a6 8. Qd2
Na5 9. Nc1 c5 10. dxc5 Nd7 11. cxd6 Ne5 12. dxe7 Qxe7 13. Nd5 Qd8 14. Nb6 Qh4+
15. Qf2 Qxf2+ 16. Kxf2 Rb8 17. Nb3 Nac6 18. Rd1 f5 19. Bc5 Re8 20. Bd6 fxe4 21.
Bxb8 Nxb8 22. Nxc8 Rxc8 23. f4 Ng4+ 24. Kg3 h5 25. c5 Kh7 26. Bc4 Ne3 27. Be6
Re8 28. Rde1 Nf5+ 29. Bxf5 gxf5 30. Rd1 Bxb2 31. Kf2 Re7 32. Rd5 Nd7 33. Rxf5
Nf6 34. Ke2 e3 35. Rb1 Bc3 36. Rc1 Ne4 37. Rxh5+ Kg6 38. Rh3 Bd2 39. Rc4 Kf5
40. Rh5+ Kf6 41. Re5 1-0

[Event "4. Ruy López - Torneo Magistral"]
[Site "Villafranca de los Barros ESP"]
[Date "2010.06.15"]
[Round "4.3"]
[White "Sargissian, Gabriel"]
[Black "Cheparinov, Ivan"]
[Result "1/2-1/2"]
[WhiteElo "2677"]
[BlackElo "2640"]
[PlyCount "140"]
[EventDate "2010.06.12"]
[EventType "tourn"]
[EventRounds "7"]
[EventCountry "ESP"]
[EventCategory "14"]
[Source "lmi"]
[SourceDate "2010.06.12"]

1. d4 d5 2. c4 e6 3. Nc3 c6 4. Nf3 Nf6 5. Bg5 h6 6. Bh4 dxc4 7. e4 g5 8. Bg3 b5
9. Be2 Bb7 10. O-O Nbd7 11. Ne5 Bg7 12. Nxd7 Nxd7 13. Bd6 a6 14. a4 b4 15. Bxb4
Qb6 16. Ba3 Qxd4 17. Qxd4 Bxd4 18. Bxc4 c5 19. Ne2 Be5 20. f3 O-O 21. Rac1 Rfc8
22. Rfd1 Rc7 23. b3 Rac8 24. Rc2 Nb6 25. Bb2 Bxb2 26. Rxb2 Kf8 27. Rd6 Rc6 28.
Rxc6 Rxc6 29. Kf2 Nd7 30. Nc1 Ne5 31. a5 Rd6 32. Ke3 f5 33. Nd3 f4+ 34. Ke2
Nxd3 35. Bxd3 Ke7 36. Rc2 Rc6 37. Rc1 h5 38. h4 g4 39. e5 Rc8 40. Rc4 gxf3+ 41.
gxf3 Bd5 42. Rxf4 Bxb3 43. Bg6 Kd7 44. Bxh5 Kc6 45. Rf6 Rh8 46. Bg4 Rxh4 47.
Bxe6 Bxe6 48. Rxe6+ Kd5 49. Rxa6 Kxe5 50. Ra8 Kd6 51. a6 Kc7 52. Rf8 Kb6 53.
Rf6+ Kb5 54. a7 Ra4 55. Rf7 Kc6 56. f4 Ra3 57. f5 Kd6 58. Kd2 c4 59. Kc2 c3 60.
Kc1 Ra1+ 61. Kc2 Ra3 62. Kb1 Ke5 63. Kc1 Ra2 64. Kd1 c2+ 65. Kd2 Kd6 66. a8=Q
Rxa8 67. Kxc2 Ke5 68. Kd3 Ra4 69. Ke3 Re4+ 70. Kf3 Rf4+ 1/2-1/2

[Event "4. Ruy López - Torneo Magistral"]
[Site "Villafranca de los Barros ESP"]
[Date "2010.06.15"]
[Round "4.4"]
[White "Salgado Lopez, Ivan"]
[Black "Cori Tello, Deysi"]
[Result "1-0"]
[WhiteElo "2606"]
[BlackElo "2409"]
[PlyCount "71"]
[EventDate "2010.06.12"]
[EventType "tourn"]
[EventRounds "7"]
[EventCountry "ESP"]
[EventCategory "14"]
[Source "lmi"]
[SourceDate "2010.06.12"]

1. c4 Nf6 2. Nc3 e6 3. Nf3 d5 4. d4 c6 5. Bg5 h6 6. Bh4 Nbd7 7. e3 Be7 8. Bd3
dxc4 9. Bxc4 Nd5 10. Bg3 a6 11. O-O O-O 12. Qe2 Nxc3 13. bxc3 b5 14. Bd3 Bb7
15. Rfd1 c5 16. a4 c4 17. Bc2 Nb6 18. e4 Nxa4 19. Bxa4 bxa4 20. Ne5 Bd6 21.
Nxc4 Bxg3 22. hxg3 Rc8 23. Nb2 Rxc3 24. Nxa4 Rc7 25. Nc5 Qf6 26. Nxb7 Rxb7 27.
Rxa6 Rfb8 28. d5 Rb1 29. Ra2 exd5 30. exd5 Rxd1+ 31. Qxd1 Qf5 32. Rc2 Rb6 33.
g4 Qe4 34. d6 Kh7 35. d7 Rb8 36. Rc8 1-0

[Event "4. Ruy López - Torneo Magistral"]
[Site "Villafranca de los Barros ESP"]
[Date "2010.06.16"]
[Round "5.1"]
[White "Cori Tello, Deysi"]
[Black "Cramling, Pia"]
[Result "0-1"]
[WhiteElo "2409"]
[BlackElo "2536"]
[PlyCount "90"]
[EventDate "2010.06.12"]
[EventType "tourn"]
[EventRounds "7"]
[EventCountry "ESP"]
[EventCategory "14"]
[Source "lmi"]
[SourceDate "2010.06.12"]

1. d4 Nf6 2. Nf3 d5 3. c4 e6 4. g3 dxc4 5. Bg2 Bb4+ 6. Bd2 c5 7. dxc5 Bxc5 8.
O-O O-O 9. Qc2 Nbd7 10. Qxc4 b5 11. Qxb5 Rb8 12. Qc4 Bb7 13. Nc3 Bxf3 14. exf3
Rxb2 15. Rad1 Qc8 16. Qh4 Be7 17. Qd4 Bc5 18. Qh4 Nb6 19. Kh1 Be7 20. Be1 Nfd5
21. Qd4 Bf6 22. Nxd5 exd5 23. Qd3 Rxa2 24. Bb4 Rd8 25. f4 Qc2 26. Qb5 h5 27.
Rd2 Qa4 28. Qxa4 Rxa4 29. Bc5 d4 30. Rb1 Nc4 31. Rdd1 Ra5 32. Bb4 Rb5 33. Bf1
Rdb8 34. Bxc4 Rxb4 35. Rxb4 Rxb4 36. Bd3 Rb3 37. Be4 a5 38. Rc1 Rc3 39. Rb1 Kf8
40. Kg2 a4 41. Rb7 a3 42. Bd5 d3 43. Bxf7 d2 44. Bxh5 Rc5 45. f5 Rxf5 0-1

[Event "4. Ruy López - Torneo Magistral"]
[Site "Villafranca de los Barros ESP"]
[Date "2010.06.17"]
[Round "6.4"]
[White "Cori Tello, Deysi"]
[Black "Cheparinov, Ivan"]
[Result "0-1"]
[WhiteElo "2409"]
[BlackElo "2640"]
[PlyCount "78"]
[EventDate "2010.06.12"]
[EventType "tourn"]
[EventRounds "7"]
[EventCountry "ESP"]
[EventCategory "14"]
[Source "lmi"]
[SourceDate "2010.06.12"]

1. d4 Nf6 2. Nf3 e6 3. e3 b6 4. Bd3 Bb7 5. b3 Be7 6. Bb2 O-O 7. Nbd2 c5 8. O-O
cxd4 9. exd4 d6 10. Re1 Nbd7 11. Rc1 Re8 12. c4 Rc8 13. a3 Bf8 14. Bb1 a6 15.
b4 Rc7 16. Qb3 Qa8 17. Qe3 a5 18. Qf4 axb4 19. axb4 h6 20. g4 g6 21. h4 Bg7 22.
Re3 b5 23. Qxd6 Rc6 24. Qg3 bxc4 25. Rxc4 Nd5 26. Ra3 Ra6 27. Rxa6 Bxa6 28. Rc1
Rb8 29. Qd6 Bf8 30. Qg3 Bxb4 31. Ne4 Be7 32. Ba1 Rxb1 33. Rxb1 Bd3 34. Rc1 Bxe4
35. Nd2 Bc2 36. Bb2 Qa4 37. Qf3 Bxh4 38. Ne4 Bxe4 39. Qxe4 Kg7 0-1